|
|
|
|
| LEADER |
00000nam0a2200000 4500 |
| 001 |
191754 |
| 005 |
20231101224356.0 |
| 035 |
|
|
|a (RuTPU)RU\TPU\book\209115
|
| 090 |
|
|
|a 191754
|
| 100 |
|
|
|a 20110210d1974 km y0rusy50 ca
|
| 101 |
0 |
|
|a rus
|
| 102 |
|
|
|a RU
|
| 105 |
|
|
|a y z 001zy
|
| 200 |
1 |
|
|a Роль партии в создании и развитии советской химической науки в СССР. (1917-1967)
|f Л. Ф. Добродомова
|
| 210 |
|
|
|a Москва
|c Изд-во Московского ун-та
|d 1974
|
| 215 |
|
|
|a 148 с.
|
| 600 |
|
1 |
|a Ленин
|b В. И.
|c настоящая фамилия Ульянов
|c российский политический деятель
|f 1870-1924
|g Владимир Ильич
|2 stltpush
|3 (RuTPU)RU\TPU\pers\1074
|9 486
|
| 606 |
1 |
|
|a Химия
|x История
|2 stltpush
|3 (RuTPU)RU\TPU\subj\58903
|9 76591
|
| 610 |
1 |
|
|a химическая наука
|
| 610 |
1 |
|
|a развитие
|
| 610 |
1 |
|
|a СССР
|
| 610 |
1 |
|
|a 20 век
|
| 610 |
1 |
|
|a партийное руководство
|
| 610 |
1 |
|
|a Коммунистическая партия
|
| 610 |
1 |
|
|a итоги
|
| 675 |
|
|
|a 54(09)
|v 3
|
| 686 |
|
|
|a Ф61(2)4
|v LBC/SL-A
|2 rubbk
|
| 700 |
|
1 |
|a Добродомова
|b Л. Ф.
|g Лидия Фердинандовна
|
| 801 |
|
1 |
|a RU
|b 63413507
|c 20110210
|
| 801 |
|
2 |
|a RU
|b 63413507
|c 20150518
|g RCR
|
| 942 |
|
|
|c BK
|